|
|
|
|
| LEADER |
00000nam0a2200000 4500 |
| 001 |
369874 |
| 005 |
20231102012227.0 |
| 035 |
|
|
|a (RuTPU)RU\TPU\retro\27281
|
| 090 |
|
|
|a 369874
|
| 100 |
|
|
|a 20220607d1980 km y0rusy50 ca
|
| 101 |
0 |
|
|a rus
|
| 102 |
|
|
|a RU
|
| 105 |
|
|
|a a z 001zy
|
| 200 |
1 |
|
|a Турбулентное динамо в астрофизике
|f С. И. Вайнштейн , Я. Б. Зельдович, А. А. Размайкин
|g Академия наук СССР, Сибирское отделение, Сибирский институт земного магнетизма, ионосферы и распространения радиоволн
|
| 210 |
|
|
|a Москва
|c Наука
|d 1980
|
| 215 |
|
|
|a 352 с.
|c ил.
|
| 320 |
|
|
|a Библиогр.: с. 341-348
|
| 606 |
1 |
|
|a Астрофизика
|2 stltpush
|3 (RuTPU)RU\TPU\subj\29580
|9 52873
|
| 610 |
1 |
|
|a турбулентное динамо
|
| 610 |
1 |
|
|a магнитные поля
|
| 610 |
1 |
|
|a динамика
|
| 610 |
1 |
|
|a генерация
|
| 610 |
1 |
|
|a уравнения
|
| 610 |
1 |
|
|a физические эффекты
|
| 610 |
1 |
|
|a линейные приближения
|
| 610 |
1 |
|
|a нелинейные приближения
|
| 675 |
|
|
|a 52:53
|v 4
|
| 700 |
|
1 |
|a Вайнштейн
|b С. И.
|g Самуил Иосифович
|
| 701 |
|
1 |
|a Зельдович
|b Я. Б.
|g Яков Борисович
|
| 701 |
|
1 |
|a Размайкин
|b А. А.
|g Александр Андреевич
|
| 712 |
0 |
2 |
|a Академия наук СССР
|b Сибирское отделение
|b Сибирский институт земного магнетизма, ионосферы и распространения радиоволн
|c (Иркутск)
|c (1960-1992)
|2 stltpush
|3 (RuTPU)RU\TPU\col\8421
|9 24515
|
| 801 |
|
1 |
|a RU
|b 63413507
|c 20220607
|
| 942 |
|
|
|c BK
|